000 00695nam a2200253Ia 4500
003 OSt
005 20221005021800.0
006 a|||||r|||| 00| 0
007 ta
008 221004b |||||||| |||| 00| 0 eng d
024 _a57382
037 _cTextual
040 _aCRL
_cCRL
_beng
041 _2eng
_aeng
082 _aV2:19.N87<-N84, M7
100 _aGupta M G
245 0 _aRajiv Gandhi's foreign policy
_b A study in continuity and change.
260 _aAgra
_bM G Pub
_c1987
300 _a329p.
_ccm.
650 _a INDIA - FOREIGN RELATIONS
_928675
650 _aHISTORY
942 _hV2:19.N87<-N84, M7
_cTEXL
_2cc
999 _c928125
_d928125